काय झालंय हो हे ! / (Record no. 53011)

MARC details
000 -LEADER
fixed length control field 01150nam a22002537a 4500
005 - DATE AND TIME OF LATEST TRANSACTION
control field 20110620110443.0
008 - FIXED-LENGTH DATA ELEMENTS--GENERAL INFORMATION
fixed length control field 110620t xxu||||| |||| 00| 0 mar d
010 ## - LCCN (DPL NO)
LC control number MAR-20974
020 ## - INTERNATIONAL STANDARD BOOK NUMBER
Terms of availability 80.00
035 ## - SYSTEM CONTROL NUMBER
System control number MR-13632
037 ## - SOURCE OF ACQUISITION
Source of stock number/acquisition DBAD/PUB
040 ## - CATALOGING SOURCE
Original cataloging agency DPL
Language of cataloging MR
082 ## - DEWEY DECIMAL CLASSIFICATION NUMBER
Classification number 891.462
100 ## - MAIN ENTRY--PERSONAL NAME
Personal name जोशी,लक्ष्मण गोपाळ
9 (RLIN) 28644
245 ## - TITLE STATEMENT
Title काय झालंय हो हे ! /
Statement of responsibility, etc लक्ष्मण गोपाळ जोशी
246 ## - VARYING FORM OF TITLE
Title proper/short title kay Zhalay Ho He
Remainder of title by Laxman Gopal Joshi
260 ## - PUBLICATION, DISTRIBUTION, ETC. (IMPRINT)
Place of publication, distribution, etc औरंगाबाद
Name of publisher, distributor, etc कीर्ती प्रकाशन
Date of publication, distribution, etc 2011
270 ## - ADDRESS
Address 17,रचनाकर कॉलोनी,देवगिरी कॉलेज जवळ
City औरंगाबाद
Postal code 431005
300 ## - PHYSICAL DESCRIPTION
Extent 80पृ.
Dimensions 21सेमी(अजिल्द)
650 ## - SUBJECT ADDED ENTRY--TOPICAL TERM
Topical term or geographic name as entry element मराठी नाटक
9 (RLIN) 28648
650 ## - SUBJECT ADDED ENTRY--TOPICAL TERM
Topical term or geographic name as entry element Marathi Play
9 (RLIN) 28649
942 ## - ADDED ENTRY ELEMENTS (KOHA)
Source of classification or shelving scheme Dewey Decimal Classification
Item type Marathi Books
Classification part 891.462
Call number suffix जोशील
Holdings
Withdrawn status Lost status Source of classification or shelving scheme Damaged status Not for loan Collection code Home library Current library Date acquired Source of acquisition Cost, normal purchase price Total Checkouts Full call number Barcode Date last seen Copy number Cost, replacement price Koha item type
    Dewey Decimal Classification   Not For Loan Non-fiction D.B.Act.Division D.B.Act.Division 20/06/2011 DBAD / PUB 80.00   891.462 जोशील MR-13632 20/06/2011 1 80.00 Marathi Books

© Delhi Public Library
Hit Counter
free hit counter